Secese vitální umění 1900 : ze zbírek Uměleckoprůmyslového musea v Praze /
Enregistré dans:
| Auteurs principaux: | , , , , , |
|---|---|
| Autres auteurs: | , |
| Format: | Livre |
| Langue: | tchèque |
| Publié: |
Praha
Arbor vitae
2013
|
| Édition: | 1. vydanie |
| Sujets: | |
| Tags: |
Pas de tags, Soyez le premier à ajouter un tag!
|
MARC
| LEADER | 00000nam a22000003a 4500 | ||
|---|---|---|---|
| 001 | 0004662 | ||
| 003 | SK-STU | ||
| 005 | 20150617230331.3 | ||
| 007 | ta | ||
| 008 | 150514s ----xo-----e------000-0-----d | ||
| 020 | |a 978-80-7101-128-6 | ||
| 040 | |a STU |b slo | ||
| 041 | 0 | |a cze | |
| 044 | |a xr | ||
| 100 | 1 | |a Vlčková, Lucie |r Z6 |4 edt | |
| 245 | 1 | 0 | |a Secese vitální umění 1900 : |b ze zbírek Uměleckoprůmyslového musea v Praze / |c ed. Lucie Vlčková, Jiří Fronek, Konstantina Hlaváčková, Daniela Karasová, Iva Knobloch, Helena Koenigsmarková, a kol ; ed. Radim Vodráček |
| 250 | |a 1. vydanie | ||
| 260 | |a Praha |b Arbor vitae |c 2013 | ||
| 300 | |a 303 s. | ||
| 650 | 0 | 7 | |a belle époque |
| 650 | 0 | 7 | |a slohy |
| 650 | 0 | 7 | |a česká secesia |
| 650 | 0 | 7 | |a Umenie úžitkové |
| 650 | 0 | 7 | |a interiér |
| 650 | 0 | 7 | |a šperk |
| 650 | 0 | 7 | |a grafika |
| 650 | 0 | 7 | |a plastika |
| 650 | 0 | 7 | |a plagát |
| 650 | 0 | 7 | |a Fotografia |
| 650 | 0 | 7 | |a sklo |
| 650 | 0 | 7 | |a keramika |
| 650 | 0 | 7 | |a móda |
| 650 | 0 | 7 | |a dekoratívne návrhy |
| 650 | 0 | 7 | |a hračky |
| 700 | 1 | |a Vodráček, Radim |r Z6 |4 edt | |
| 700 | 1 | |a Fronek, Jiří |r Z6 |4 aut | |
| 700 | 1 | |a Hlaváčková, Konstantina |r Z6 |4 aut | |
| 700 | 1 | |a Karasová, Daniela |4 aut | |
| 700 | 1 | |a Knobloch, Iva |r Z6 |4 aut | |
| 700 | 1 | |a Koenigsmarková, Helena |r Z6 |4 aut | |
| 700 | 1 | |a a kol. |4 aut | |
| 996 | |b 284AU06426 |c A* 9254/U |l AAKNST |s P |a 0 |w 0004662_0001 | ||